000 00370nam a2200157Ia 4500
005 20240606065953.0
008 240331s9999 xx 000 0 und d
082 _bCOS
_a346
100 _aCossman, B
245 0 _aFeminist legal theory :
_bthe thatched patio
260 _aColombo
_bICES
_c1990
300 _a48 p.,
650 _aFeminism
650 _aLaw
942 _cL
999 _c2672
_d2672